Etude sur J.J. Bach (Record no. 40195)

MARC details
000 -LEADER
campo de control de longitud fija 00520nam a2200181 i 4500
001 - NÚMERO DE CONTROL
campo de control 40195
003 - IDENTIFICADOR DE NÚMERO DE CONTROL
campo de control ES-MaACL
005 - FECHA Y HORA DE LA ÚLTIMA TRANSACCIÓN
campo de control 20250610152235.0
007 - CAMPO FIJO DE DESCRIPCIÓN FÍSICA--INFORMACIÓN GENERAL
campo de control de longitud fija t|
008 - DATOS DE LONGITUD FIJA--INFORMACIÓN GENERAL
campo de control de longitud fija 030305s1899 fr ||||1| fre d
100 1# - ENTRADA PRINCIPAL--NOMBRE DE PERSONA
Nombre de persona Cart, William.
9 (RLIN) 35867
245 10 - MENCIÓN DEL TÍTULO
Título Etude sur J.J. Bach
Resto del título : 1685-1750 /
Mención de responsabilidad, etc. par William Cart.
260 ## - PUBLICACIÓN, DISTRIBUCIÓN, ETC.
Lugar de publicación, distribución, etc. Paris :
Nombre del editor, distribuidor, etc. [s.n.,
Fecha de publicación, distribución, etc. 1899] (
Fabricante Imp. Orleanaise)
300 ## - DESCRIPCIÓN FÍSICA
Extensión 320 p. ;
Dimensiones 19 cm.
600 04 - PUNTO DE ACCESO ADICIONAL DE MATERIA--NOMBRE DE PERSONA
Nombre de persona Bach, Johann Sebastian,
Fechas asociadas al nombre 1685-1750
9 (RLIN) 24454
852 ## - LOCALIZACIÓN
Ubicación ES-MaACL
Número de control de estantería F-11444
Holdings
Estatus retirado Estado de pérdida Estado de daño No para préstamo Colección Biblioteca de origen Biblioteca actual Ubicación en estantería Fecha de adquisición Fuente de adquisición Total de préstamos Signatura topográfica completa Código de barras Visto por última vez Precio de reemplazo Tipo de ítem Koha
        Libros del s. XIX Biblioteca del Ateneo de Madrid Biblioteca del Ateneo de Madrid Sala Pecera Planta 2 17/01/2008     F-11444 1042318 23/02/2023 23/02/2023 Libro impreso antiguo